[Event "Ambalangoda Dhamso op 1st"]
[Site "Ambalangoda"]
[Date "2011.04.22"]
[Round "4"]
[White "Silva, KWCU"]
[Black "Karunathilaka, HMIS"]
[Result "1-0"]
[WhiteElo "1885"]
[BlackElo "1662"]
[PlyCount "72"]
[EventDate "2011.04.21"]
[EventType "swiss"]
[EventRounds "9"]
[EventCountry "SRI"]
[SourceTitle "CBM 142 Extra"]
[Source "ChessBase"]
[SourceDate "2011.06.27"]
[SourceVersion "1"]
[SourceVersionDate "2011.06.27"]
[SourceQuality "1"]

1. e4 e6 2. d4 d5 3. Nc3 dxe4 4. Nxe4 Nd7 5. Nf3 Ngf6 6. Bg5 Be7 7. Ng3 a6 8. Be2 h6 9. Bxf6 Nxf6 10. 0-0 0-0 11. c3 c5 12. dxc5 Bxc5 13. b4 Bd6 14. Qb3 Qc7 15. Rfd1 Bd7 16. c4 Rfd8 17. c5 Bf4 18. Nd2 Bxd2 19. Rxd2 a5 20. Bf3 axb4 21. Qxb4 Bc6 22. Bxc6 Qxc6 23. Rad1 Nd5 24. Qb2 Qxc5 25. Nh5 Qf8 26. Rd3 Rd7 27. Nxg7 Rad8 28. Nh5 f6 29. h3 Qf7 30. Rxd5 Rxd5 31. Nxf6+ Kf8 32. Nxd5 Rxd5 33. Rxd5 exd5 34. Qh8+ Ke7 35. Qxh6 d4 36. Qh4+ Qf6 1-0